000 00644nam a2200217Ii 4500
003 JO-AjNU
008 230606s9999||||xx |||||||||||||| ||und||
020 _a81-7141-395-1
040 _aJO-AjNU
_beng
_erda
_cJO-AjNU
041 _aeng
050 1 4 _aLC4601 2010
100 3 _aAnnapurna, M,
_eauthor
_9110
245 0 0 _aMentally Handicapped Children and Family Stress
250 _a1 ed
264 3 1 _aNew York:Discovery Publishing House,2010
300 _a204p
336 _atext
_btxt
_2rdacontent
337 _aunmediated
_bn
_2rdamedia
338 _avolume
_bnc
_2rdacarrier
650 4 _aSocial sciences-Study and teaching (Elementary)
_9111
999 _aE59
_c59
_d59